000 00567nam a2200229Ia 4500
003 OSt
005 20220916111010.0
006 a|||||r|||| 00| 0
007 ta
008 220915b |||||||| |||| 00| 0 eng d
024 _a93381
037 _cTextbook
040 _beng
_aARTS
_cARTS
041 _aeng
082 _aU:6-1811:N5, 122J4
100 _aGodard
245 0 _aL'oasis moderne: Essai d'urbanisme Saharien
260 _c1954
650 _aGEOGRAPHY
942 _hU:6-1811:N5, 122J4
_cTB
_2CC
999 _c102972
_d102972